| 000 | 00711cab a2200229 4500 | ||
|---|---|---|---|
| 001 | WB3222-39 | ||
| 008 | 090401t1996 xxu||||| |||| 00| 0 eng d | ||
| 035 | _a(Sirsi) u20955 | ||
| 041 | _aeng | ||
| 245 | _aBid to create RICS small firms division | ||
| 260 | _c1996 | ||
| 350 | _a0 | ||
| 490 |
_aProperty Week _v55(10) 6 June 1996, 6(1) |
||
| 520 | _aThe Independent Surveyors` Association is attempting to force the RICS to create a small firms division. | ||
| 650 | _aABOUT RICS-RICS MEMBERS | ||
| 650 | _aINDEPENDENT SURVEYORS ASSOCIATION | ||
| 650 | _aRICS | ||
| 650 | _aSMALL BUSINESSES | ||
| 690 | _aMANAGEMENT-BUSINESS MANAGEMENT-PROFESSIONAL PRACTICE | ||
| 942 | _n0 | ||
| 948 | _c04/03/1997 | ||
| 999 |
_c14054 _d14054 |
||